| 000 | 00436pab a2200145 454500 | ||
|---|---|---|---|
| 008 | 180718b1998 xxu||||| |||| 00| 0 eng d | ||
| 245 | _aTHE IMPACT of external relations on the domestic policies and government institutions of micro-states | ||
| 260 | _c1998 | ||
| 300 | _ap.101-99 | ||
| 362 | _aMay | ||
| 650 | _aSmall states | ||
| 650 | _aPolitics and government | ||
| 773 | _aPublic Administration and Development | ||
| 909 | _a37719 | ||
| 999 |
_c37719 _d37719 |
||